Kỹ thuật trồng bon sai
Đã lưu trong:
| 格式: | 圖書 |
|---|---|
| 語言: | Undetermined |
| 出版: |
H.
Mỹ Thuật
2003
|
| 主題: | |
| 標簽: |
添加標簽
沒有標簽, 成為第一個標記此記錄!
|
| Thư viện lưu trữ: | Trung tâm Học liệu Trường Đại học Cần Thơ |
|---|
| LEADER | 00495nam a2200169Ia 4500 | ||
|---|---|---|---|
| 001 | CTU_57126 | ||
| 008 | 210402s9999 xx 000 0 und d | ||
| 020 | |b 65000 | ||
| 082 | |a 635.9772 | ||
| 082 | |b K600 | ||
| 245 | 0 | |a Kỹ thuật trồng bon sai | |
| 245 | 0 | |c Trần Văn Huân và Văn Tích Lượm biên dịch | |
| 260 | |a H. | ||
| 260 | |b Mỹ Thuật | ||
| 260 | |c 2003 | ||
| 650 | |a bonsai,plants, ornamental | ||
| 980 | |a Trung tâm Học liệu Trường Đại học Cần Thơ | ||